Normal view
MARC view
- Zia, Usama
Entry Personal Name
001 - CONTROL NUMBER
- control field: 118098
003 - CONTROL NUMBER IDENTIFIER
- control field: NUST
005 - DATE AND TIME OF LATEST TRANSACTION
- control field: 20230923115711.0
008 - FIXED-LENGTH DATA ELEMENTS
- fixed length control field: 230923|| aca||aabn | a|a d
040 ## - CATALOGING SOURCE
- Original cataloging agency: NUST
- Transcribing agency: NUST
100 ## - HEADING--PERSONAL NAME
- Personal name: Zia, Usama
670 ## - SOURCE DATA FOUND
- Source citation: Work cat.: (NUST): Zia, Usama , Hardware Based True Random Number Generator (TRNG) /
